| 000 | 00000cam 2200000za 4500 |
| 001 | 9.856191 |
| 003 | CaOODSP |
| 005 | 20241203113642 |
| 007 | cr ||||||||||| |
| 008 | 180504s2008 oncdb||#o f00| 0 eng d |
| 020 | |a978-0-662-48792-0 |
| 040 | |aCaOODSP|beng |
| 043 | |an-cn-nt |
| 086 | 1 |aCW69-1/115E-PDF |
| 100 | 1 |aSamelius, Gustaf. |
| 245 | 10|aProductivity of lesser snow geese on Banks Island, Northwest Territories, Canada, in 1995–1998 |h[electronic resource] / |cGustaf Samelius, Ray T. Alisauskas, James E. Hines. |
| 260 | |aOttawa : |bCanadian Wildlife Service, |c2008. |
| 300 | |a33 p. : |bcharts, maps. |
| 490 | 1 |aOccasional paper ; |vno. 115 |
| 500 | |a"June 2008." |
| 500 | |aIssued also in French under title: La productivité des petites oies des neiges sur l'île Banks (Territoires du Nord-Ouest), Canada, de 1995 à 1998. |
| 504 | |aIncludes bibliographical references. |
| 520 | 3 |a"We estimated that 264 000–452 000 Lesser Snow Geese Chen caerulescens caerulescens nested at Egg Riveron Banks Island, Northwest Territories, in 1995–1998. This was about twice as many geese as was reported nesting there in the 1980s, and we estimated that the nesting population grew by 4.2% per year from 1953 to 1998"--Abstract. |
| 530 | |aIssued also in print format. |
| 692 | 07|2gccst|aBirds |
| 692 | 07|2gccst|aPopulation |
| 692 | 07|2gccst|aProductivity |
| 693 | 4|aSnow goose |
| 700 | 1 |aAlisauskas, Ray T., |d1956- |
| 700 | 1 |aHines, James Edward. |
| 710 | 1 |aCanada. |bEnvironment Canada. |
| 710 | 2 |aCanadian Wildlife Service. |
| 775 | 08|tLa productivité des petites oies des neiges sur l’île Banks (Territoires du Nord-Ouest), Canada, de 1995 à 1998 |w(CaOODSP)9.856690 |
| 776 | 0#|tProductivity of Lesser Snow Geese on Banks Island, Northwest Territories, Canada, in 1995-1998 / |w(CaOODSP)9.618763 |
| 830 | #0|aOccasional paper (Canadian Wildlife Service)|vno. 115|w(CaOODSP)9.504780 |
| 856 | 40|qPDF|s1.08 MB|uhttps://publications.gc.ca/collections/collection_2018/eccc/CW69-1-115-eng.pdf |